<?xml version="1.0" encoding="UTF-8"?>
<collection xmlns="http://www.loc.gov/MARC21/slim">
 <record>
  <leader>01634nam a2200205Ia 4500</leader>
  <controlfield tag="001">CTU_91939</controlfield>
  <controlfield tag="008">210402s9999    xx            000 0 und d</controlfield>
  <datafield tag="020" ind1=" " ind2=" ">
   <subfield code="c">30000</subfield>
  </datafield>
  <datafield tag="082" ind1=" " ind2=" ">
   <subfield code="a">658.47</subfield>
  </datafield>
  <datafield tag="082" ind1=" " ind2=" ">
   <subfield code="b">V308</subfield>
  </datafield>
  <datafield tag="100" ind1=" " ind2=" ">
   <subfield code="a">Hoàng, Mai Việt</subfield>
  </datafield>
  <datafield tag="245" ind1=" " ind2="0">
   <subfield code="a">8 bước dẫn đến thành công (8 bước dẫn đến thành công của các nhà doanh nghiệp)</subfield>
  </datafield>
  <datafield tag="245" ind1=" " ind2="0">
   <subfield code="c">Hoàng Mai Việt, Minh Đức</subfield>
  </datafield>
  <datafield tag="260" ind1=" " ind2=" ">
   <subfield code="a">Hà Nội</subfield>
  </datafield>
  <datafield tag="260" ind1=" " ind2=" ">
   <subfield code="b">Văn Hóa Thông Tin</subfield>
  </datafield>
  <datafield tag="260" ind1=" " ind2=" ">
   <subfield code="c">2005</subfield>
  </datafield>
  <datafield tag="520" ind1=" " ind2=" ">
   <subfield code="a">Cuốn sách dựa vào kinh nghiệm lâu năm của những người đã thành công trong việc kinh doanh tiêu thụ qua mạng, dùng phương thức đi sâu nhưng dễ hiểu để giới thiệu các nội dung có liên quan. Họ cũng từng là những người mới bắt đầu, do đó họ biết được cách làm thế nào cho có hiệu quả, cách làm thế nào là không được. Những lời hứa trong cuốn sách này chính là phần đặc sắc nhất. Bốn chữ &quot;Khai Sáng Bản Thân&quot; về mặt từ ngữ, nó đã cho bạn biết phải thực hiện điều đó như thế nào. Cuốn sách sẽ từng bước dẫn dắt bạn xây dựng và duy trì kinh doanh trong sự nghiệp kinh doanh tiêu thụ thành công của chính bạn. v.v...</subfield>
  </datafield>
  <datafield tag="650" ind1=" " ind2=" ">
   <subfield code="a">Business intelligence,Managerial economics</subfield>
  </datafield>
  <datafield tag="904" ind1=" " ind2=" ">
   <subfield code="i">Mai Loan</subfield>
  </datafield>
  <datafield tag="980" ind1=" " ind2=" ">
   <subfield code="a">Trung tâm Học liệu Trường Đại học Cần Thơ</subfield>
  </datafield>
 </record>
</collection>
